Financial management : principles and practice (Record no. 4617)

000 -LEADER
fixed length control field 00413 a2200133 4500
020 ## - INTERNATIONAL STANDARD BOOK NUMBER
International Standard Book Number 0023402717
020 ## - INTERNATIONAL STANDARD BOOK NUMBER
International Standard Book Number 0137194854
040 ## - CATALOGING SOURCE
Original cataloging agency DLC
Language of cataloging DLC
100 1# - MAIN ENTRY--PERSONAL NAME
Personal name Gallagher, Timothy James,
245 10 - TITLE STATEMENT
Title Financial management : principles and practice
Statement of responsibility, etc. Timothy J. Gallagher, Joseph D. Andrew, Jr.
260 ## - PUBLICATION, DISTRIBUTION, ETC.
Place of publication, distribution, etc. Upper Saddle River, N.J. :
Name of publisher, distributor, etc. Prentice Hall,
Date of publication, distribution, etc. 1996.
300 ## - PHYSICAL DESCRIPTION
Extent xxvii, 523 p.
942 ## - ADDED ENTRY ELEMENTS (KOHA)
Koha item type Book
Call number prefix 658.15 GAL
Source of classification or shelving scheme
Holdings
Withdrawn status Lost status Damaged status Not for loan Collection code Permanent Location Current Location Shelving location Date acquired Source of acquisition Cost, normal purchase price Total Checkouts Full call number Barcode Date last seen Price effective from Koha item type
          Central Library (CL) Central Library (CL) General Stacks 06/12/2003 New Public Book 1617.65   658.15 GAL SEECS003540 11/14/2012 01/05/2017 Book
          Central Library (CL) Central Library (CL) General Stacks 06/12/2003 New Public Book 1617.65   658.15 GAL SEECS003541 11/14/2012 01/05/2017 Book
© 2023 Central Library, National University of Sciences and Technology. All Rights Reserved.